Statystyki dla Najbardziej przeludnione państwa

Kliknij tutaj aby rozwiązać quiz!

Ogólne statystyki

  • Ten quiz został rozwiązany 50 razy
  • Średni wynik to 14 z 20

Statystyki odpowiedzi

Ilość osóbPaństwo% Poprawnych
885 mlnChiny
100%
1221 mlnIndie
100%
103 mlnJaponia
89%
166 mlnIndonezja
81%
79.4 mlnWietnam
74%
45.4 mlnKorea Południowa
72%
177 mlnPakistan
72%
159 mlnBangladesz
70%
63.1 mlnNiemcy
70%
162 mlnNigeria
68%
39.6 mlnTajlandia
68%
29.7 mlnFrancja
66%
54.2 mlnWielka Brytania
66%
46.6 mlnEgipt
62%
42.3 mlnWłochy
57%
39.5 mlnTurcja
55%
55.1 mlnEtiopia
51%
94.8 mlnFilipiny
51%
21.7 mlnTajwan
45%
34.4 mlnUganda
32%

Rozkład punktacji

Percentyl według liczby udzielonych odpowiedzi

Procent ludzi z każdym wynikiem

Twoja historia wyników

Nie rozwiązałeś tego quizu